[Event "IIFL Wealth 4th Mumbai GM"]
[Site "Mumbai"]
[Date "2019.01.01"]
[Round "3"]
[White "Soham Datar"]
[Black "Samant Aditya S"]
[Result "0-1"]
[WhiteElo "2134"]
[BlackElo "2205"]
[Annotator "TA"]
[PlyCount "94"]
[EventDate "2018.12.30"]
[EventType "swiss"]
[EventCountry "IND"]
[SourceTitle "playchess.com"]
[Source "ChessBase"]
[SourceQuality "1"]

{[%evp 22,94,41,45,37,10,28,7,7,-16,-8,-9,0,-3,-7,-53,-45,-110,-118,-106,-67,-125,-49,-59,0,-22,-22,-87,-107,-127,-25,-216,-91,-117,-80,-158,-146,-143,-133,-143,-159,-147,-147,-164,-154,-165,-164,-153,-133,-143,-143,-153,-150,-237,-216,-210,-218,-250,-235,-335,-318,-316,-317,-398,-354,-358,-315,-452,-436,-425,-415,-487,-454,-688,-682]} 1. d4 Nf6 2. Nf3 e6 3. g3 d5 4. Bg2 Bd6 5. c4 O-O 6. O-O c6 7. Nc3 Nbd7 8. Nd2 Bb4 {E01: Catalan: Early deviations} (8... c5 9. cxd5 exd5 10. dxc5 Nxc5 11. Nb3 Nxb3 12. axb3 Be6 13. Nxd5 Nxd5 14. Bxd5 Qe7 15. Bxe6 Qxe6 16. Ra4 {1-0 (33) Ivanisevic,I (2630)-Todorovic,G (2457) Kragujevac 2017}) 9. e4 Bxc3 10. bxc3 dxe4 11. Nxe4 Nxe4 12. Bxe4 {LiveBook: 3 Games} e5 13. Qc2 $146 ({Predecessor:} 13. Re1 Qa5 14. Bd2 Nf6 15. Bg2 Re8 16. Qc2 {1-0 (32) Lorparizangeneh,S (2515)-Puraev,A (2240) St Petersburg 2017}) 13... h6 14. Ba3 Re8 15. Rad1 Qa5 16. Bb4 Qc7 17. Rfe1 Nf6 18. d5 c5 19. d6 (19. Ba3 $15) 19... Qb6 $17 20. Ba3 Bd7 21. Bd5 (21. Bf5 $15) 21... Bg4 ({Black should try} 21... Rad8 $17 22. Rd2 Be6) 22. f3 $15 Be6 (22... Bd7 $15) 23. Qf2 Nd7 24. f4 (24. Rb1 $11 Qxd6 25. Bxb7) 24... Bxd5 $17 25. Rxd5 {[%cal Rf4e5]} exf4 ({Better is} 25... Qa6 $17 26. Bxc5 Qxc4) 26. gxf4 $2 (26. Re7 $11 Nf6 27. Rd1) 26... Qa6 (26... Rxe1+ $19 27. Qxe1 Qa6) 27. Re7 Nf6 28. Rxe8+ (28. Bxc5 $142 Nxd5 29. cxd5) 28... Rxe8 29. Re5 {[#] And now Rxe8+ would win.} Qxd6 {...b6 is the strong threat.} 30. Rxe8+ Nxe8 31. Bxc5 Qd1+ 32. Kg2 a6 33. Bd4 {[#]} Qg4+ $1 34. Kf1 Nd6 35. Qe3 Qd1+ 36. Kg2 Qc2+ 37. Kh3 (37. Qf2 $17 Qf5 38. Kh1) 37... Qf5+ 38. Kg3 Nxc4 39. Qe8+ Kh7 40. Qf8 (40. Qe2 $142 Nd6 41. h4) 40... Qg6+ 41. Kf2 b5 42. h4 f6 43. Qc8 a5 44. Qd7 (44. Qe6 $142) 44... Qc2+ $19 45. Kg3 Qd3+ 46. Kh2 Nd2 47. h5 (47. Qh3 $142 Nf3+ {[%mdl 64] Double Attack} 48. Kg2 Ne1+ 49. Kh2 Qe2+ 50. Kh1) 47... Qe2+ {[%mdl 64] Double Attack. Accuracy: White = 29%, Black = 63%.} 0-1

[Event "IIFL Wealth 4th Mumbai GM"]
[Site "Mumbai"]
[Date "2019.01.01"]
[Round "3"]
[White "Pranesh M"]
[Black "Prraneeth Vuppala"]
[Result "1-0"]
[WhiteElo "2125"]
[BlackElo "2228"]
[Annotator "TA"]
[PlyCount "101"]
[EventDate "2018.12.30"]
[EventType "swiss"]
[EventCountry "IND"]
[SourceTitle "playchess.com"]
[Source "ChessBase"]
[SourceQuality "1"]

{[%evp 21,101,0,0,0,0,0,0,7,7,-12,-7,-38,-10,-18,7,0,13,0,9,2,0,5,91,58,55,49,161,162,173,169,168,165,183,173,202,165,179,179,199,110,128,112,166,140,188,144,154,92,104,83,122,130,122,121,315,316,575,527,834,441,408,292,837,333,333,327,309,316,406,391,641,479,673,662,651,652,652,639,605,599,658,599]} 1. e4 c5 2. Nf3 d6 3. Nc3 Nf6 4. d4 cxd4 5. Qxd4 Nc6 6. Bb5 Bd7 7. Bxc6 Bxc6 8. Bg5 e6 9. O-O Be7 10. Rad1 O-O 11. Rfe1 Qa5 {LiveBook: 9 Games} 12. Qd2 {B53: Sicilian: 2...d6: Lines with Qxd4} Kh8 13. Nd4 Rfc8 14. Nb3 $146 {The position is equal.} ({Predecessor:} 14. Nxc6 Rxc6 15. Qe3 Ng4 16. Qf4 Qxg5 17. Qxf7 Rf8 18. Qxe6 Qf4 {0-1 (18) Perruchoud,B (2199)-Meier,G (2546) Biel 2007}) 14... Qb6 15. Be3 Qc7 16. Bf4 {[%cal Rf4d6]} Rd8 17. Qe2 Rab8 18. Rd3 b5 {Strongly threatening ...b4.} 19. e5 Nd5 20. Nxd5 Bxd5 21. Rc3 Bc4 (21... Qb7 $11) 22. Qh5 g6 23. Qh6 $40 {[%mdl 128] White is up to no good.} f6 (23... Bf8 $14 24. exd6 Bxd6) 24. Rh3 $1 $18 {[%csl Gh3,LRg6,LRh7][%cal Rh6h7] [#]} Bf8 25. Qxg6 $1 Qg7 26. Qxf6 Qxf6 27. exf6 e5 28. Bg5 Re8 29. Nd2 Be6 30. Rhe3 (30. Ra3 $18) 30... Rec8 31. c3 Bxa2 (31... b4 $16) 32. Ra1 Bd5 33. Rxa7 b4 34. h3 (34. f4 $142) 34... h6 35. Bh4 bxc3 36. bxc3 Rb2 37. Rd3 Be6 $2 (37... Rb7 $16) 38. f7 Rc2 $2 (38... Ra2 39. Rb7 Ra6) 39. Be7 Kg7 40. Rxd6 Bxf7 41. Rdd7 R2xc3 $2 (41... Bxe7 42. Rxe7 Rxd2) 42. Bf6+ $2 (42. Bh4) 42... Kxf6 43. Ne4+ (43. Rxf7+ $6 Ke6 $18) 43... Ke6 {[#] And now ...Rc1+ would win.} 44. Nxc3 ({Don't play} 44. Rxf7 $6 R3c4 $18) 44... Be8 45. Rdc7 Rd8 $2 (45... Rxc7 46. Rxc7 Bd7) 46. Ne4 {White is clearly winning.} Bb4 (46... Bg6 $142 47. Ra6+ Bd6) 47. Ra6+ Kd5 48. Nf6+ Kd4 49. Nxe8 Rxe8 50. Rxh6 Rf8 51. Rh4+ {Accuracy: White = 48%, Black = 27%.} 1-0

[Event "IIFL Wealth 4th Mumbai GM"]
[Site "Mumbai"]
[Date "2019.01.01"]
[Round "3"]
[White "Tarun Kanyamarala"]
[Black "Kishor, Shazzad"]
[Result "1/2-1/2"]
[WhiteElo "2120"]
[BlackElo "1730"]
[Annotator "TA"]
[PlyCount "86"]
[EventDate "2018.12.30"]
[EventType "swiss"]
[EventCountry "IND"]
[SourceTitle "playchess.com"]
[Source "ChessBase"]
[SourceQuality "1"]

{[%evp 15,86,14,31,-3,22,23,10,14,29,15,51,30,35,35,52,34,70,14,20,23,12,-48,-45,-56,0,0,0,-12,-10,-69,-49,-79,-86,-87,-88,-131,-107,-95,-91,-211,-194,-206,-200,-215,-212,-179,-149,-161,-161,-217,-216,-206,-196,-186,-143,-172,-148,-204,-154,-163,-167,-157,-150,-162,-166,-170,-164,-156,-95,-91,0,-147,-139]} 1. d4 d5 2. c4 c6 3. Nf3 Nf6 4. Nc3 e6 5. e3 Bd6 6. Qc2 Nbd7 7. Bd3 O-O 8. O-O {D46: Semi-Slav: 5 e3 Nbd7 6 Bd3, Black avoids the Meran} Qc7 {LiveBook: 4 Games} (8... e5 9. cxd5 cxd5 10. e4 exd4 11. Nxd5 Nxd5 12. exd5 h6 13. Nxd4 Qh4 14. Nf3 Qh5 15. Bh7+ Kh8 16. Qf5 Qxf5 17. Bxf5 Nf6 18. Bd3 Bg4 19. Rd1 Rac8 20. h3 Bxf3 21. gxf3 {½-½ (32) Wang,H (2690)-Ding,L (2759) China 2017}) 9. e4 {Threatens to win with e5.} (9. Bd2 {looks sharper.} dxc4 10. Bxc4 e5 11. Bb3 exd4 12. exd4 Nb6 13. Rfe1) 9... dxe4 10. Nxe4 {The position is equal.} Nxe4 11. Bxe4 Nf6 12. Bd3 Bf4 13. Be3 $146 ({Predecessor:} 13. Re1 Bxc1 14. Raxc1 c5 15. dxc5 Qxc5 16. Re5 Qe7 17. Rce1 Bd7 18. R5e3 Rfd8 {½-½ (27) Bass,J (2101)-Taylor,R (1956) Hinckley Island 2009}) 13... b6 14. c5 Bb7 15. Rfe1 h6 16. b4 (16. Bxf4 $14 Qxf4 17. Rad1) 16... Bxe3 $1 $11 17. fxe3 a5 18. bxa5 (18. a3 $11) 18... bxc5 $15 19. Qxc5 Qxa5 (19... Rxa5 $15 20. Qc2 c5) 20. Qxa5 $11 Rxa5 21. Nd2 Rfa8 22. Bc4 (22. Ne4 $11) 22... Ba6 23. a3 Bb5 24. Bxb5 cxb5 25. Rab1 Rxa3 26. Rxb5 Ra2 27. Nf3 (27. Nc4 $17 {was called for.}) 27... Rc2 28. Rc5 Rb2 $1 29. Rec1 Raa2 $1 30. Ne1 Nd5 31. Nc2 f5 32. h4 (32. h3 $142) 32... f4 $19 33. exf4 Nxf4 34. Kf1 Kf7 35. g3 Nd5 $1 {Strongly threatening ...Rxc2!} 36. Ke2 (36. Kg1 $17) 36... Rb3 37. Rf1+ {[#]} Ke7 $1 {...Nc3+ is the strong threat.} 38. Rf3 Rbb2 39. Kd1 {[#]} Rb1+ $1 40. Kd2 Rg1 41. Rb3 Rg2+ (41... Kf6 $142 42. h5 Kf5) 42. Kc1 $17 Rg1+ (42... Ra6 $142) 43. Kd2 Ke8 {Accuracy: White = 35%, Black = 60%.} 1/2-1/2

[Event "IIFL Wealth 4th Mumbai GM"]
[Site "Mumbai"]
[Date "2019.01.01"]
[Round "3"]
[White "Prajesh R"]
[Black "Shah, Ram Surat Prasad"]
[Result "1-0"]
[WhiteElo "2102"]
[BlackElo "1639"]
[Annotator "TA"]
[PlyCount "65"]
[EventDate "2018.12.30"]
[EventType "swiss"]
[EventCountry "IND"]
[SourceTitle "playchess.com"]
[Source "ChessBase"]
[SourceQuality "1"]

{[%evp 15,65,35,46,23,21,2,2,4,10,-10,8,-2,0,0,0,-12,39,-20,9,20,23,0,17,15,34,10,53,47,112,59,25,54,131,122,172,143,163,140,160,152,177,158,264,291,373,370,358,356,347,-2290,-533,-478]} 1. d4 e6 2. c4 d5 3. Nc3 Nf6 4. cxd5 exd5 5. Bg5 Be7 6. e3 O-O 7. Bd3 Be6 8. Nge2 Nbd7 {LiveBook: 5 Games. D35: Queen's Gambit Declined: Exchange Variation} 9. Ng3 (9. O-O c5 10. Nf4 h6 11. Nxe6 fxe6 12. Bh4 a6 13. dxc5 Nxc5 14. Bc2 Rc8 15. Qe2 b5 16. Rad1 {½-½ (32) Enchev,I (2437)-Dimitrov,R (2445) Kozloduy 2014}) 9... Re8 $146 ({Predecessor:} 9... a6 10. Nf5 Bxf5 11. Bxf5 Re8 12. Qf3 c6 13. h4 h6 14. Bf4 Nf8 15. Rh3 N6h7 16. Bxh6 gxh6 {1-0 (25) Fahnenschmidt,G (2205)-Hoehne,P (2028) Bad Wiessee 2003}) 10. Nf5 Bxf5 {The position is equal.} 11. Bxf5 c6 12. Qf3 Nf8 13. O-O-O a5 14. h4 b5 {[%cal Bb7b5,Bb5b4][%mdl 32]} 15. Kb1 a4 (15... N6d7 $11) 16. g4 (16. Ne2 $14) 16... b4 17. Ne2 Ne4 18. Bxe7 Rxe7 (18... Qxe7 {feels hotter.} 19. Bxe4 dxe4 20. Qf5 Rab8 21. h5 Nd7) 19. Bxe4 dxe4 20. Qg2 Qd7 21. Rc1 Qd6 (21... Qb7 $14) 22. Rc4 (22. Ng3 $16) 22... Nd7 $14 23. Qg3 Qxg3 ({Black should try} 23... Ne5 $1 $14 24. Rc5 {[%mdl 64] Pin} (24. dxe5 $2 Qd3+ {[%mdl 64] Double Attack} 25. Rc2 b3 $19) (24. Rcc1 Qd7 $15) 24... f6) 24. Nxg3 $16 ({Much weaker is} 24. fxg3 $6 Nf6 $11) 24... b3 25. Rxc6 Nf6 26. Nf5 Rb7 27. Nd6 bxa2+ 28. Kxa2 Rb4 (28... Rbb8 $16 {was worth a try.} 29. Rg1 Nd5) 29. Rhc1 {[#] Black must now prevent Rc8+.} Kf8 30. g5 Nd5 31. Rc8+ ({Weaker is} 31. Nxe4 Rbb8 $18) 31... Rxc8 32. Rc4 $4 {[%mdl 8192]} ({Not} 32. Nxc8 Rb3 $18) (32. Rxc8+ $18 Ke7 33. Nxe4) 32... Rc7 33. Rxc7 {[%mdl 32768] Accuracy: White = 39%, Black = 40%. . Loss on time!?} 1-0

[Event "IIFL Wealth 4th Mumbai GM"]
[Site "Mumbai"]
[Date "2019.01.01"]
[Round "3"]
[White "Nayem, Haque"]
[Black "Mrudul Dehankar"]
[Result "0-1"]
[WhiteElo "2083"]
[BlackElo "2199"]
[Annotator "TA"]
[PlyCount "132"]
[EventDate "2018.12.30"]
[EventType "swiss"]
[EventCountry "IND"]
[SourceTitle "playchess.com"]
[Source "ChessBase"]
[SourceQuality "1"]

{[%evp 12,132,1,-17,-8,-38,-25,-21,-21,-25,-22,-20,-15,-18,-12,-33,-2,-18,-15,-33,-21,-18,-4,-41,-33,-23,-20,-27,0,-42,0,-27,19,-29,-7,-44,-39,-27,-32,-99,-90,-153,-143,-143,-143,-162,-162,-178,-158,-158,-140,-213,-136,-143,-167,-165,-161,-206,0,-140,-95,-105,-98,-100,-66,-138,-67,-281,-290,-254,-247,-391,-388,-367,-348,-360,-381,-613,-608,-585,-571,-1492,-1279,-3702,-934,-618,0,0,0,0,0,0,0,0,0,0,0,0,0,-397,-376,-372,-354,-265,-265,-685,-653,-1139,-1166,-2311,-2014,-1137,-444,-1640,-6186,-7272,-5760,-3642,-2693,-6195,-9142,-29982,-29983]} 1. c3 Nf6 2. g3 (2. d4 g6 3. Bg5 Bg7 4. Nd2 O-O 5. e3 c5 6. dxc5 a5 7. Bxf6 Bxf6 8. Ne4 Bg7 9. Qd5 a4 10. h4 a3 11. b4 Nc6 12. Rd1 {1-0 (32) Bartel,M (2609)-Ladva,O (2522) Katowice 2017}) 2... d5 3. d3 c6 4. Nf3 g6 5. Bg2 Bg7 6. O-O {A00: Irregular Openings} O-O 7. Qc2 {LiveBook: 6 Games} Re8 8. Bf4 $146 {The position is equal.} ({Predecessor:} 8. e4 dxe4 9. dxe4 e5 10. a4 a5 11. Rd1 Qc7 12. h3 Na6 13. Be3 Bf8 14. Nbd2 {1-0 (52) Danielsen,H (2490)-Magnusson,G (2134) Reykjavik 2014}) 8... Nh5 9. Be5 f6 10. Bxb8 Rxb8 11. e4 e5 12. Nbd2 f5 13. Rfe1 Be6 14. Qa4 a6 15. Nb3 Bf7 16. Rad1 Bf6 17. c4 fxe4 18. dxe4 d4 19. c5 Be6 20. Nfd2 Rf8 21. Nc4 Bg7 22. Rd3 Qe7 23. Rc1 Kh8 $36 {[%mdl 2048] Black has good play.} 24. Qb4 Nf6 25. h3 (25. Nba5 $15) 25... Nd7 $17 26. Nb6 ({White should try} 26. Nca5) 26... Nxb6 27. Qxb6 Rf7 28. Rc2 Rbf8 29. Qa5 h5 30. Qe1 Rf6 31. h4 (31. Nc1 $17 {was worth a try.}) 31... Qf7 32. Na5 Bh6 33. b3 Qg7 34. Qd1 Qf7 {[%cal Rf6f2]} 35. Qe1 $1 Bg4 36. Nc4 Qe7 37. Nd6 b5 38. Kh2 (38. b4 $15) 38... Qd7 (38... g5 $17 {Threatens to win with ...gxh4.} 39. Nf5 Qh7 40. hxg5 Bxg5) 39. Qg1 $2 ({Better is} 39. Kg1 $15) 39... g5 $19 40. hxg5 Bxg5 41. f4 (41. f3 {was called for.} Qh7 42. Qh1) 41... exf4 42. Qxd4 fxg3+ 43. Rxg3 Bf4 {[%mdl 64] [#] Double Attack} 44. e5 $2 (44. Rf2 Qg7 45. Rxf4 Rxf4 46. Qxg7+ Kxg7 47. Nf5+ Kf6 48. Nd4) 44... Rg6 45. e6+ Qg7 46. Nf7+ Rxf7 $1 {[%mdl 64] Promotion} 47. exf7 Bxg3+ (47... Qxd4 $142 48. f8=Q+ Rg8) 48. Kxg3 Be2+ $2 (48... Qxd4 $19 49. f8=Q+ Kh7) 49. Kh2 $11 Rxg2+ 50. Kh1 Qxd4 {[%csl Gg2][%cal Rd4g1]} 51. f8=Q+ Kh7 {[%csl Gg2][%cal Rd4g1]} 52. Kxg2 {[%mdl 4096] Endgame And now Qf5+ would win. KQR-KQB} Qe4+ {[%mdl 64] Double Attack} 53. Kf2 Qxc2 54. Qf7+ Kh6 55. Qf6+ $2 {[%mdl 8192] [#]} (55. Qf8+ $11 Kg6 56. Qg8+ Kh6 57. Qf8+ Kg6 58. Qe8+ Kh6 59. Qf8+) 55... Qg6 $1 $19 {[%cal Rg6f6]} 56. Qh8+ Kg5 57. Kxe2 {KQ-KQ} Qe6+ 58. Kd3 $2 (58. Kd2) 58... h4 {[%cal Bh5h4,Bh4h3][%mdl 32]} 59. Qd8+ Qf6 60. Qc7 Qf3+ 61. Kc2 Qf2+ (61... h3 $142 62. Kb1 Qd1+ 63. Kb2 Qd2+ 64. Kb1 h2 65. Qg3+ Kf5 66. Qf3+ Qf4 67. Qh5+ Ke4 68. Qe8+ Kd3 69. Qd7+ Ke2 70. Qxc6 Qf3 71. Qe6+ Kf2) 62. Kb1 (62. Kd1 $142 h3 63. Qe7+ Kg4 64. Qd7+ Qf5 65. Qg7+ Kf3 66. Qc3+ Kg2 67. Qd2+ Qf2 68. Qg5+ Kh1 69. Qe5 Qf1+ 70. Kd2) 62... h3 63. Qg7+ Kf4 64. Qf6+ Kg3 65. Qg6+ Kh2 {( -> ...Qg1+)} 66. Qxc6 Qg1+ {Accuracy: White = 30%, Black = 71%.} 0-1

[Event "IIFL Wealth 4th Mumbai GM"]
[Site "Mumbai"]
[Date "2019.01.01"]
[Round "3"]
[White "Thipsay, Bagyashree Sathe"]
[Black "Surendran N"]
[Result "1-0"]
[WhiteElo "2028"]
[BlackElo "2176"]
[Annotator "TA"]
[PlyCount "109"]
[EventDate "2018.12.30"]
[EventType "swiss"]
[EventCountry "IND"]
[SourceTitle "playchess.com"]
[Source "ChessBase"]
[SourceQuality "1"]

{[%evp 22,109,69,37,83,83,80,32,33,37,45,45,23,-10,155,183,169,183,208,210,209,216,274,245,214,204,256,246,292,237,222,218,246,244,316,304,393,381,427,314,296,255,352,347,328,281,348,336,348,311,393,402,372,376,432,405,639,512,487,495,545,370,389,375,352,362,470,461,407,302,292,295,391,389,383,383,381,352,730,716,991,1027,933,927,1032,1007,964,958,2849,2382]} 1. e4 c5 2. Nf3 d6 3. d4 Nf6 4. Nc3 cxd4 5. Nxd4 a6 6. Be2 e5 7. Nb3 Be7 8. Be3 O-O 9. g4 {[%cal Bg2g4,Bg4g5][%mdl 32]} Be6 10. g5 Nfd7 {[%cal Bf6d7,Bd7b6,Bb6c4][%mdl 32]} 11. h4 {B92: Sicilian Najdorf: 6 Be2} (11. Qd2 Nb6 12. Nd5 Nxd5 13. exd5 Bf5 14. f4 Nd7 15. fxe5 Nxe5 16. Rf1 Be4 17. Rf4 Bg6 18. h4 Rc8 19. Nd4 {1-0 (64) Karjakin,S (2773)-Duda,J (2737) chess.com INT 2018}) 11... Nc6 12. Qd2 {LiveBook: 4 Games} b5 13. O-O-O {White is better.} Nb6 14. Qe1 $146 ({Predecessor:} 14. Nd5 Nc4 15. Bxc4 bxc4 16. Na1 Rb8 17. Nxe7+ Qxe7 18. Qxd6 Qb7 19. Qa3 Rfc8 20. Qc3 Nb4 21. Qxe5 Nxa2+ 22. Kb1 Nb4 23. Bd4 {1-0 (23) Fack,A-Siegler,W Griesheim 1999}) 14... Rb8 15. Kb1 Nc4 16. Bc1 a5 17. Nd5 Bxd5 $2 (17... a4 $11) 18. exd5 $16 Nb4 {[#]} 19. a3 $1 Na6 20. Bxc4 bxc4 21. Nxa5 Qb6 22. Nc6 ({But not} 22. Nxc4 $6 Qc7 $18) 22... Rb7 23. Rh3 {[%cal Bh1h3,Bh3c3,Bc3c4][%mdl 32]} Nc5 24. Qf1 Qb5 25. Nxe7+ Rxe7 26. Rc3 Rb7 {Black wants to play ...Na4.} 27. Rxc4 Qa5 {intending ...Qxa3.} 28. b4 Rfb8 29. Bb2 Qa7 30. Kc1 Na4 31. Rd3 {[%cal Bd1d3,Bd3b3,Bb3f3][%mdl 32]} Rb6 32. Qe2 Qa6 33. Rb3 Qb7 34. Qe4 Qa7 35. h5 Rb5 36. Rf3 Qe7 37. Qf5 {Strongly threatening g6.} Nb6 38. Rc6 Rxd5 (38... Nd7 $142 39. g6 fxg6 40. hxg6 hxg6 41. Qe6+ Qxe6 42. dxe6 R5b6) 39. Rfc3 g6 40. Qf6 Qf8 41. h6 {White wants to mate with Rxb6!} Nd7 42. Qf3 e4 43. Qe3 ({Less strong is} 43. Qxe4 Rxg5 44. Kb1 Ne5 $18) 43... Qd8 44. Kb1 Qe8 45. Qa7 {And now Qxb8! would win.} Rd1+ 46. Bc1 {Qxb8! is the strong threat.} Rd8 47. Qc7 Nf8 48. Kb2 Ne6 49. Qb7 Nc5 $2 (49... d5 50. Rc8 d4) 50. bxc5 $18 {White is clearly winning.} Rb8 {[#]} 51. Qxb8 $1 Qxb8+ 52. Rb6 {[%cal Rb6b8]} Qc7 53. Rcb3 {Intending Rb8+ and mate.} dxc5 54. Rb8+ Rd8 55. Bf4 $1 {Precision: White = 82%, Black = 26%.} 1-0

[Event "IIFL Wealth 4th Mumbai GM"]
[Site "Mumbai"]
[Date "2019.01.01"]
[Round "3"]
[White "Chowdhury, Sohel"]
[Black "Dhungel, Uttam"]
[Result "1-0"]
[WhiteElo "2012"]
[BlackElo "1587"]
[Annotator "NA RC"]
[PlyCount "57"]
[EventDate "2018.12.30"]
[EventType "swiss"]
[EventCountry "IND"]
[SourceTitle "playchess.com"]
[Source "ChessBase"]
[SourceQuality "1"]
[TimeControl "40/5400+30:1800+30"]

1. e4 {[%emt 0:00:00]} c5 {[%emt 0:04:04]} 2. Nc3 {[%emt 0:00:22]} e6 {[%emt 0:00:11]} 3. g3 {[%emt 0:00:19]} d5 {[%emt 0:00:49]} 4. Bg2 {[%emt 0:00:09]} d4 {[%emt 0:01:08]} 5. Nce2 {[%emt 0:00:05]} e5 {[%emt 0:00:44]} 6. d3 {[%emt 0:00:34]} Nc6 {[%emt 0:02:02]} 7. f4 {[%emt 0:00:23]} g6 {[%emt 0:02:18]} 8. Nf3 {[%emt 0:00:18]} Bg7 {[%emt 0:02:21]} 9. O-O {[%emt 0:00:36]} Nge7 {[%emt 0:00:36]} 10. fxe5 {[%emt 0:08:41]} Nxe5 {[%emt 0:02:19]} 11. Nxe5 {[%emt 0:00:26]} Bxe5 {[%emt 0:00:27]} 12. Bh6 {[%emt 0:00:51]} Bg4 {[%emt 0:03:28]} 13. Qd2 {[%emt 0:03:46]} Qd7 {[%emt 0:02:54]} 14. Rf2 {[%emt 0:03:26]} Bxe2 {[%emt 0:14:03]} 15. Qxe2 {[%emt 0:00:52]} Nc6 {[%emt 0:02:48]} 16. Qf1 {[%emt 0:07:25]} Nd8 {[%emt 0:04:06]} (16... Qe7 $14) 17. Qe2 $11 {[%emt 0:03:04]} (17. a4 $14) 17... Nc6 {[%emt 0:07:00]} 18. Raf1 {[%emt 0:03:05]} f6 {[%emt 0:03:03]} 19. a3 {[%emt 0:08:42]} O-O-O {[%emt 0:06:41]} 20. Bf4 {[%emt 0:04:31]} Rhe8 {[%emt 0:07:12]} 21. Qd2 {[%emt 0:03:03]} a5 {[%emt 0:05:38]} 22. Bxe5 {[%emt 0:01:15]} fxe5 {[%emt 0:00:29]} 23. Qh6 {[%emt 0:00:13]} Kb8 {[%emt 0:07:18]} 24. Rf7 {[%emt 0:01:15]} Qe6 {[%emt 0:06:28]} 25. Qxh7 {[%emt 0:01:00]} Rh8 {[%emt 0:02:39]} 26. Rxb7+ {[%emt 0:01:32]} Ka8 {[%emt 0:00:38]} 27. Qc7 {[%emt 0:02:36]} Rb8 {[%emt 0:04:45]} 28. Rf7 {[%emt 0:01:25]} Qxf7 {[%emt 0:03:36]} 29. Rxb8+ {[%emt 0:00:10]} 1-0

[Event "IIFL Wealth 4th Mumbai GM"]
[Site "Mumbai"]
[Date "2019.01.01"]
[Round "3"]
[White "Triton, Maxime"]
[Black "Ahsan, Ali Jewel"]
[Result "1-0"]
[WhiteElo "1937"]
[BlackElo "1363"]
[Annotator "NA RC"]
[PlyCount "57"]
[EventDate "2018.12.30"]
[EventType "swiss"]
[EventCountry "IND"]
[SourceTitle "playchess.com"]
[Source "ChessBase"]
[SourceQuality "1"]
[TimeControl "40/5400+30:1800+30"]

1. e4 {[%emt 0:00:00]} c5 {[%emt 0:00:00]} 2. Nf3 {[%emt 0:00:00]} e6 {[%emt 0:00:09]} 3. Nc3 {[%emt 0:00:00]} Nf6 {[%emt 0:00:32]} 4. e5 {[%emt 0:01:59]} Nd5 {[%emt 0:01:12]} 5. Nxd5 {[%emt 0:01:09]} exd5 {[%emt 0:00:43]} 6. d4 {[%emt 0:00:03]} c4 {[%emt 0:01:11]} 7. Be2 {[%emt 0:04:06]} Be7 {[%emt 0:00:46]} 8. O-O {[%emt 0:00:42]} Nc6 {[%emt 0:01:39]} 9. Bf4 {[%emt 0:04:30]} O-O {[%emt 0:01:45]} 10. b3 {[%emt 0:06:19]} b5 {[%emt 0:03:38]} 11. a4 {[%emt 0:05:32]} Ba6 {[%emt 0:11:13]} 12. axb5 {[%emt 0:03:50]} Bxb5 {[%emt 0:00:25]} 13. bxc4 {[%emt 0:03:17]} Bxc4 {[%emt 0:02:08]} 14. Bxc4 {[%emt 0:03:08]} dxc4 {[%emt 0:00:22]} 15. d5 {[%emt 0:00:55]} Nb8 {[%emt 0:08:00]} 16. d6 {[%emt 0:01:46]} Bh4 {[%emt 0:03:08]} 17. g3 {[%emt 0:00:57]} g5 {[%emt 0:00:38]} 18. Be3 {[%emt 0:02:09]} Nc6 {[%emt 0:10:08]} 19. gxh4 {[%emt 0:14:09]} gxh4 {[%emt 0:01:00]} 20. Bg5 {[%emt 0:02:50]} Qb6 {[%emt 0:02:02]} 21. Bf6 {[%emt 0:05:25]} h6 {[%emt 0:08:52]} 22. Qd2 {[%emt 0:00:58]} Kh7 {[%emt 0:01:01]} 23. Qf4 {[%emt 0:03:36]} Rg8+ {[%emt 0:02:31]} 24. Kh1 {[%emt 0:00:02]} h3 {[%emt 0:03:14]} 25. Ra3 {[%emt 0:12:48]} Qc5 {[%emt 0:04:15]} 26. Qe4+ {[%emt 0:01:31]} Rg6 {[%emt 0:02:42]} 27. Ng5+ {[%emt 0:00:20]} Kg8 {[%emt 0:06:10]} 28. Rxh3 {[%emt 0:00:02]} Nd8 {[%emt 0:03:43]} 29. Qxa8 {[%emt 0:01:35] Kh7} 1-0

[Event "IIFL Wealth 4th Mumbai GM"]
[Site "Mumbai"]
[Date "2019.01.01"]
[Round "3"]
[White "Lama, Milan"]
[Black "Subrota, Biswas"]
[Result "1-0"]
[WhiteElo "1897"]
[BlackElo "2171"]
[Annotator "TA"]
[PlyCount "56"]
[EventDate "2018.12.30"]
[EventType "swiss"]
[EventCountry "IND"]
[SourceTitle "playchess.com"]
[Source "ChessBase"]
[SourceQuality "1"]

{[%evp 16,56,11,2,38,49,52,36,36,41,50,39,43,43,244,246,281,295,302,291,301,277,263,273,267,214,206,192,200,147,484,472,572,562,918,705,952,956,956,938,930,905,851]} 1. e4 g6 2. d4 Bg7 3. Nf3 d6 4. Nc3 Nf6 5. Be3 a6 6. Bd3 {B08: Pirc Defence: Classical System} O-O 7. Qd2 b5 (7... Nc6 8. h3 e5 9. d5 Ne7 10. O-O-O b5 11. Bh6 b4 12. Bxg7 Kxg7 13. Ne2 c6 14. dxc6 Nxc6 15. Bc4 Qb6 16. Ng3 Na5 17. Bb3 Nxb3+ 18. axb3 Re8 {0-1 (38) Bok,B (2608)-Smirin,I (2667) Wijk aan Zee 2017}) 8. a4 b4 9. Ne2 {LiveBook: 3 Games} a5 10. Bh6 Bb7 11. Bxg7 $146 ({Predecessor:} 11. Ng3 Nbd7 12. h4 e5 13. Bxg7 Kxg7 14. h5 Qe7 {1-0 (26) Bosch,J (2433)-Matthiesen,M (2322) Copenhagen 1999}) 11... Kxg7 12. Ng3 e6 13. h4 h5 $1 14. Qg5 {Hoping for e5.} Rh8 $2 (14... Kg8 $14) 15. e5 $18 Nd5 {[#]} 16. Nxh5+ $1 {[%mdl 576] Deflection} Rxh5 17. Qxd8 Nc6 18. Qxa8 Bxa8 19. exd6 cxd6 20. Kd2 Nf4 21. Rhg1 Ne7 22. Rae1 f5 $2 {[%mdl 8192]} (22... Bxf3 $16 23. gxf3 Nh3) 23. Ng5 {White is clearly winning.} Nxg2 24. Rxe6 {[%mdl 64] [#] Double Attack} Kf8 25. Rxd6 Nxh4 26. Rd8+ Kg7 27. Rxa8 Rxg5 28. Rxg5 Nf3+ {Accuracy: White = 73%, Black = 38%.} 1-0